| 000 | 00476nam a22001697a 4500 | ||
|---|---|---|---|
| 999 |
_c12084 _d12084 |
||
| 008 | 210119b ||||| |||| 00| 0 eng d | ||
| 082 | 0 | 0 |
_a621.4021 _bP5581 |
| 100 |
_94318 _aPhillips |
||
| 245 | 1 | 0 |
_aConcise applied thermodynamics : theory, worked examples, problems _cBy Phillips |
| 250 | _a1st ed. | ||
| 260 |
_aLondon _bD.Van Nostrand Company LTD _c1966 |
||
| 300 | _axii,302 p. | ||
| 365 | _d18.90 | ||
| 650 | 0 | _aThermodynamics | |
| 700 |
_91000 _aOwen |
||
| 942 | _cBK | ||